00522 2200205 4500001002100000005001500021035002000036007000300056008004100059020002200100082001000122084001600132100001100148245005000159260003600209300002900245500001300274650001600287990001300303INLIS00000000000100820230302081807 a0010-0323000014ta230302 g 0 ind  a978-979-9490-48-3 a294.5 a294.5 MAN t0 aMantra1 aTata susila hindu drama /cProf. DR. IB Matra aDempasar :bWidya Dharma,c2009 a45 hlm :bIlus ;c20 cm. aBiografi 4aAgama Hindu a00650065